Textbook of Oral & Maxillofacial Surgery (Record no. 33154)

MARC details
000 -LEADER
fixed length control field 00343nam a22001457a 4500
003 - CONTROL NUMBER IDENTIFIER
control field SGT
082 ## - DEWEY DECIMAL CLASSIFICATION NUMBER
Classification number 617.522
Item number T84K
100 ## - MAIN ENTRY--PERSONAL NAME
Personal name Kruger, Gustav O.
245 ## - TITLE STATEMENT
Title Textbook of Oral & Maxillofacial Surgery
250 ## - EDITION STATEMENT
Edition statement 6th Ed.
260 ## - PUBLICATION, DISTRIBUTION, ETC. (IMPRINT)
Name of publisher, distributor, etc Mosby Publishers
Year of Publication 1984
300 ## - PAGE DESCRIPTION
No. of Pages 782
650 ## - SUBJECT ADDED ENTRY--TOPICAL TERM
Topical term or geographic name as entry element Oral Surgery; Dentistry
942 ## - ADDED ENTRY ELEMENTS (KOHA)
Source of classification or shelving scheme Dewey Decimal Classification
Koha item type Rare Books
Holdings
Withdrawn status Lost status Source of classification or shelving scheme Damaged status Use restrictions Not for loan Home library Current library Date acquired SGTU Total Checkouts Full call number Accession No. (Barcode) Date last seen Bill Date Koha item type
    Dewey Decimal Classification   Restricted Access Not For Loan SGT Dental Library SGT Dental Library 07/11/2025 SGTU   617.522 T84K FD10160 07/11/2025 07/11/2025 Rare Books